[Event "Unive Open"]
[Site "Hoogeveen NED"]
[Date "2010.10.30"]
[Round "9"]
[White "Kollen, Zyon"]
[Black "Timmermans, Ivo"]
[Result "0-1"]
[WhiteElo "2046"]
[BlackElo "2209"]
[WhiteFideId "1024256"]
[BlackFideId "1002910"]
[EventDate "2010.10.22"]

1. e4 e5 2. Nf3 Nc6 3. Bb5 a6 4. Bxc6 dxc6 5. O-O Be7 6. d4 exd4 7. Nxd4 c5 8.
Ne2 Qxd1 9. Rxd1 Bd7 10. Nbc3 O-O-O 11. Nf4 Bc6 12. Rxd8+ Bxd8 13. Be3 b6 14.
Rd1 Bf6 15. Nfe2 Ne7 16. b3 g6 17. f3 Re8 18. Kf2 Bg7 19. Rd3 f5 20. exf5 Nxf5
21. g4 Nd6 22. Nd5 c4 23. Nxb6+ Kb7 24. Nxc4 Nxc4 25. bxc4 Ba4 26. c3 Bc2 27.
Rd7 Be5 28. Bf4 Kc6 29. Rxh7 Bd3 30. Bxe5 Rxe5 31. Nf4 Bxc4 32. Nxg6 Re2+ 33.
Kg3 Bxa2 34. g5 a5 35. Nf4 Rd2 36. Rh8 a4 37. Re8 Bb3 38. Re2 Rxe2 39. Nxe2 Bc4
40. Nd4+ Kd5 41. Kf4 Bd3 42. Ke3 Kc4 43. Kd2 Bg6 44. Ne2 Kb3 45. f4 a3 46. Nc1+
Kb2 47. c4 c5 48. h4 Kb1 49. Ne2 a2 50. Nc3+ Kb2 51. Nxa2 Kxa2 52. f5 Bxf5 53.
Ke3 Kb3 54. Kf4 Bd3 55. h5 Kxc4 56. Ke5 Kb3 57. Kf6 c4 58. g6 c3 59. g7 Bh7 60.
Kf7 c2 61. g8=Q Bxg8+ 62. Kxg8 c1=Q 63. Kh7 Qg5 64. h6 Kc4 0-1

[Event "Unive Open"]
[Site "Hoogeveen NED"]
[Date "2010.10.30"]
[Round "9"]
[White "Archangelsky, Mikhail"]
[Black "Overeem, Marc"]
[Result "1-0"]
[WhiteTitle "IM"]
[BlackTitle "FM"]
[WhiteElo "2212"]
[BlackElo "2224"]
[WhiteFideId "4117573"]
[BlackFideId "1004972"]
[EventDate "2010.10.22"]

1. Nf3 d5 2. d4 Nf6 3. c4 e6 4. e3 Be7 5. Nc3 O-O 6. a3 c5 7. dxc5 Bxc5 8. b4
Be7 9. cxd5 exd5 10. Bb2 Be6 11. Be2 a5 12. b5 Nbd7 13. O-O Nc5 14. Nd4 a4 15.
Rc1 Qa5 16. Na2 Nfe4 17. f3 Nf6 18. Bc3 Qa7 19. Bb4 Rfe8 20. Rc3 Nb3 21. Bxe7
Rxe7 22. Nb4 Rae8 23. Nbc2 Nd7 24. Nxb3 axb3 25. Qd4 Qa5 26. Rxb3 Rc8 27. Nb4
Nf6 28. Rc3 Rxc3 29. Qxc3 Rc7 30. Qb2 Qa7 31. Kf2 Qc5 32. Nd3 Qb6 33. Rc1 Rc4
34. Ne5 Rxc1 35. Qxc1 d4 36. exd4 Qxd4+ 37. Qe3 Qh4+ 38. Kf1 Qxh2 39. Qd4 h5 40.
Qd8+ Kh7 41. Bd3+ Kh6 42. Qh8+ Kg5 43. Qxg7+ Kf4 44. Qxf6+ Ke3 45. Qg5+ Kd4 46.
Qd8+ Kc3 47. Qc7+ 1-0

[Event "Unive Open"]
[Site "Hoogeveen NED"]
[Date "2010.10.30"]
[Round "9"]
[White "Hoffman, Ron"]
[Black "Zuiderweg, Edwin"]
[Result "1/2-1/2"]
[WhiteElo "2123"]
[BlackElo "2044"]
[WhiteFideId "1007599"]
[BlackFideId "1012207"]
[EventDate "2010.10.22"]

1. c4 Nf6 2. g3 e6 3. Bg2 d5 4. Nf3 Be7 5. O-O O-O 6. b3 d4 7. e3 c5 8. exd4
cxd4 9. d3 Nc6 10. Re1 Nd7 11. Na3 e5 12. Nc2 a5 13. a3 f6 14. Nh4 Nc5 15. Bd5+
Kh8 16. Rb1 g5 17. Ng2 Bf5 18. Be4 Bxe4 19. dxe4 d3 20. Nce3 Nd4 21. Nd5 Ne2+
22. Rxe2 dxe2 23. Qxe2 Ne6 24. Qg4 Nd4 25. Nge3 Bc5 26. Nf5 Nxf5 27. Qxf5 Qc8
28. Qf3 g4 29. Qe2 f5 30. Bb2 fxe4 31. Bxe5+ Kg8 32. Nf6+ Rxf6 33. Bxf6 Qf5 34.
Rf1 Qxf6 35. Qxg4+ Qg6 36. Qd7 Qc6 37. Qg4+ Kh8 38. Rd1 Rf8 39. Rd7 Bxf2+ 40.
Kf1 Qf6 41. Ke2 Bd4 42. Qf4 Qxf4 43. gxf4 Bc5 44. b4 axb4 45. axb4 Bxb4 46. Rxb7
Bc5 47. Rd7 Rxf4 48. Rd5 Bg1 49. c5 Rh4 50. c6 Rxh2+ 51. Kf1 Bb6 52. Rb5 Bc7 53.
Rb7 Bg3 54. c7 Rf2+ 55. Kg1 Rf8 56. Kg2 Bd6 57. Ra7 e3 58. Rb7 e2 59. Rb8 e1=N+
60. Kh3 Rxb8 61. cxb8=Q+ Bxb8 62. Kg4 Kg7 63. Kh5 h6 64. Kg4 Kg6 65. Kh4 h5 66.
Kh3 Kg5 1/2-1/2

[Event "Unive Open"]
[Site "Hoogeveen NED"]
[Date "2010.10.30"]
[Round "9"]
[White "Van Foreest, Jorden"]
[Black "Hendriks, Peter"]
[Result "1-0"]
[WhiteElo "1954"]
[BlackElo "2082"]
[WhiteFideId "1039784"]
[BlackFideId "1009516"]
[EventDate "2010.10.22"]

1. e4 g6 2. d4 Bg7 3. Nc3 d6 4. Be3 c6 5. Bd3 b5 6. Qd2 Nd7 7. Nf3 Nb6 8. O-O
Nf6 9. Bh6 O-O 10. Bxg7 Kxg7 11. Rfd1 Qc7 12. e5 Nfd5 13. Nxd5 Nxd5 14. a4 b4
15. c4 bxc3 16. bxc3 Bg4 17. exd6 Qxd6 18. Be2 Nf4 19. h3 Nxe2+ 20. Qxe2 Qe6 21.
Qd3 Bf5 22. Qa6 Rfb8 23. Re1 Qd6 24. Qe2 Rb7 25. Ng5 Qd5 26. Ne4 Qxe4 27. Qa6 1-0

[Event "Unive Open"]
[Site "Hoogeveen NED"]
[Date "2010.10.30"]
[Round "9"]
[White "Vroombout, Enrico"]
[Black "Dolgova, Olga"]
[Result "1/2-1/2"]
[BlackTitle "WIM"]
[WhiteElo "2147"]
[BlackElo "2262"]
[WhiteFideId "1008730"]
[BlackFideId "4158296"]
[EventDate "2010.10.22"]

1. e4 c6 2. d4 d5 3. Nd2 dxe4 4. Nxe4 Bf5 5. Ng3 Bg6 6. h4 h6 7. Nf3 Nd7 8. h5
Bh7 9. Bd3 Bxd3 10. Qxd3 e6 11. Bf4 Bb4+ 12. c3 Be7 13. O-O-O Ngf6 14. Kb1 O-O
15. Ne4 Nxe4 16. Qxe4 Nf6 17. Qe2 Qd5 18. Ne5 Qe4+ 19. Qxe4 Nxe4 20. Be3 Rfd8
21. f3 Ng3 22. Rh3 Nf5 23. Bf4 Bg5 24. Bxg5 hxg5 25. Re1 Rac8 26. Nd3 b6 27. Kc2
c5 28. dxc5 bxc5 29. g4 Ne7 30. Re5 Rd5 31. Rh1 c4 32. Rxd5 Nxd5 33. Nf2 Rd8 34.
Re1 Kh7 35. Re5 Rd6 36. Re4 g6 37. hxg6+ Kxg6 38. Nd1 Rc6 39. Ne3 Nxe3+ 40. Rxe3
f5 41. b3 Kf6 42. Re1 Rc7 43. Re2 1/2-1/2

[Event "Unive Open"]
[Site "Hoogeveen NED"]
[Date "2010.10.30"]
[Round "9"]
[White "Hendriks, Richard"]
[Black "Lommers, Frank"]
[Result "1-0"]
[WhiteElo "2110"]
[BlackElo "2191"]
[WhiteFideId "1006096"]
[BlackFideId "1010107"]
[EventDate "2010.10.22"]

1. e4 e5 2. a3 Nf6 3. Nc3 Nc6 4. Nf3 d6 5. Bc4 Bg4 6. h3 Bxf3 7. Qxf3 Nd4 8. Qd1
g6 9. d3 Bg7 10. O-O O-O 11. Ne2 d5 12. exd5 Nxd5 13. Nxd4 exd4 14. Qf3 c6 15.
Bd2 Qd7 16. Rfe1 Rfe8 17. a4 Re6 18. Rxe6 fxe6 19. Re1 Kh8 20. Qg4 Re8 21. h4
Qf7 22. Re2 e5 23. h5 gxh5 24. Qh3 Rg8 25. Bb3 Bf6 26. Re4 Qg7 27. c3 h4 28.
cxd4 exd4 29. Bxd5 cxd5 30. Re6 Bg5 31. Bxg5 Qxg5 32. Qf3 Rc8 33. Kh2 Qg7 34.
Qxd5 Rf8 35. Qe4 Rxf2 36. Re8+ Rf8 37. Rxf8+ Qxf8 38. Qxd4+ Kg8 39. Qxh4 Qf7 40.
Qg5+ Kf8 41. Qd8+ Kg7 42. Qd4+ Kg8 43. Qc4 Qxc4 44. dxc4 a5 45. Kg3 Kf7 46. Kf3
h5 47. Kg3 Kf6 48. Kh4 Kg6 49. c5 Kh6 50. g4 hxg4 51. Kxg4 Kg6 52. Kf4 Kf6 53.
Ke4 Ke6 54. Kd4 Kd7 55. Kc4 Ke6 56. Kb5 Kd5 57. b3 Kd4 58. c6 bxc6+ 59. Kxc6 Kc3
60. Kb5 1-0

[Event "Unive Open"]
[Site "Hoogeveen NED"]
[Date "2010.10.30"]
[Round "9"]
[White "Sekandar, Kambiz"]
[Black "Klapwijk, Bram"]
[Result "0-1"]
[WhiteElo "1877"]
[BlackElo "2022"]
[WhiteFideId "11700939"]
[BlackFideId "1009133"]
[EventDate "2010.10.22"]

1. e4 c5 2. c3 d5 3. exd5 Qxd5 4. d4 Nc6 5. Nf3 e5 6. Nbd2 exd4 7. Bc4 Qh5 8.
O-O Nf6 9. cxd4 cxd4 10. Nb3 Bg4 11. Qe1+ Be7 12. Nfxd4 Nxd4 13. Nxd4 Rd8 14.
Nb5 Rd7 15. h3 a6 16. Nc3 O-O 17. Bf4 Bd6 18. Bxd6 Rxd6 19. Ne4 Nxe4 20. Qxe4
Bxh3 21. Be2 Bxg2 22. Bxh5 Bxe4 23. Rad1 Rh6 24. Rfe1 Bc6 25. Re5 f5 26. Rxf5
Rxf5 27. Rd8+ Rf8 0-1

[Event "Unive Open"]
[Site "Hoogeveen NED"]
[Date "2010.10.30"]
[Round "9"]
[White "Poelstra, Ben"]
[Black "Van Geffen, Ben"]
[Result "0-1"]
[WhiteElo "2148"]
[BlackElo "2171"]
[WhiteFideId "1018604"]
[BlackFideId "1009370"]
[EventDate "2010.10.22"]

1. e4 e5 2. Nf3 Nc6 3. d4 exd4 4. Nxd4 Bc5 5. Nb3 Bb6 6. Nc3 Qf6 7. Qe2 Nge7 8.
Be3 Bxe3 9. Qxe3 a6 10. Bd3 d6 11. O-O O-O 12. f4 Be6 13. Rae1 Bxb3 14. e5 Qh6
15. axb3 dxe5 16. fxe5 Qxe3+ 17. Rxe3 Nd4 18. Rh3 h6 19. Be4 c6 20. Rd3 Rad8 21.
Rfd1 Ne6 22. Rd7 Rfe8 23. b4 Rb8 24. g3 Kf8 25. Na4 Rbd8 26. Nb6 Rxd7 27. Rxd7
Rb8 28. c4 Ke8 29. Rd6 Nc8 30. Nxc8 Rxc8 31. b5 cxb5 32. cxb5 axb5 33. Bxb7 Rc5
34. Rd5 b4 35. Kf2 Rc2+ 36. Ke3 Rxb2 37. Bc6+ Kf8 38. Rb5 g6 39. Rb8+ Kg7 40.
Bd5 g5 41. Rb7 Kg6 42. Be4+ f5 43. Bd5 f4+ 44. gxf4 Nxf4 45. Be4+ Kh5 46. Bf3+
Kh4 47. Rb6 h5 48. e6 Nxe6 49. Rxe6 Rxh2 50. Re4+ g4 51. Bd1 b3 52. Rb4 b2 53.
Be2 Kh3 54. Rxb2 g3 55. Rb5 h4 56. Rg5 Rxe2+ 57. Kxe2 Kg2 58. Ke1 h3 59. Rxg3+
Kxg3 60. Kf1 h2 0-1